000 00578nam a2200205Ia 4500
005 20250507130210.0
008 008 250505s9999 xx 000 0 eng d
037 _aSeries Article
040 _aEASL
_beng
_cEASL
041 _aeng
_2eng
084 _qEASL
100 _aHeng Yin
_9668767
245 0 _aStudy of productive expenditure bias in country level finance in china
260 _aChina
_bBeijing Routledge China
_c2012
300 _a127-147
650 _aSocial Science
700 _aHong Zhu
_9661307
942 _cSRA
999 _c1318271
_d1318271